书目信息 |
| 题名: |
金融机构“非银行化”发展与研究
|
|
| 作者: | 文静 著 | |
| 分册: | ||
| 出版信息: | 上海 东方出版中心 2009 |
|
| 页数: | 359页 | |
| 开本: | 21cm | |
| 丛书名: | ||
| 单 册: | ||
| 中图分类: | F830.2 | |
| 科图分类: | ||
| 主题词: | 金融机构--研究 | |
| 电子资源: | ||
| ISBN: | 978-7-5473-0064-0 | |
| 000 | 00756nam0 2200229 45 | |
| 001 | 1034563608 | |
| 005 | 20100319083346.04 | |
| 010 | @a978-7-5473-0064-0@dCNY28.00 | |
| 100 | @a20100311d2009 em y0chiy50 ea | |
| 101 | 0 | @achi |
| 102 | @aCN@b310000 | |
| 105 | @ay z 000yy | |
| 106 | @ar | |
| 200 | 1 | @a金融机构“非银行化”发展与研究@AJin Rong Ji Gou“ Fei Yin Xing Hua” Fa Zhan Yu Yan Jiu@f文静著@FWen Jing Zhu |
| 210 | @a上海@c东方出版中心@d2009 | |
| 215 | @a359页@d21cm | |
| 330 | @a本书系统地研究了金融机构演变的动因、机理和趋势,并首次提出金融发展“非银行化”的概念,并进行了研究。 | |
| 606 | 0 | @a金融机构@x研究 |
| 690 | @aF830.2@v4 | |
| 701 | 0 | @a文静@AWen Jing@4著 |
| 801 | 0 | @aCN@bTANGWEI@c20100319 |
| 905 | @b0586305-09@dF830.2@e152@f5 | |
| 金融机构“非银行化”发展与研究/文静著.-上海:东方出版中心,2009 |
| 359页;21cm |
| ISBN 978-7-5473-0064-0:CNY28.00 |
| 本书系统地研究了金融机构演变的动因、机理和趋势,并首次提出金融发展“非银行化”的概念,并进行了研究。 |
| ● |
| 相关链接 |
|
|
|
|
正题名:金融机构"非银行化"发展与研究
索取号:F830.2/152
 
预约/预借
| 序号 | 登录号 | 条形码 | 馆藏地/架位号 | 状态 | 备注 |
| 1 | 0586305 | 205863056 | 第一样本阅览室/ [索取号:F830.2/152] | 在馆 | |
| 2 | 0586306 | 205863065 | 第一借阅区/ [索取号:F830.2/152] | 在馆 | |
| 3 | 0586307 | 205863074 | 第一借阅区/ [索取号:F830.2/152] | 在馆 | |
| 4 | 0586308 | 205863083 | 第一借阅区/ [索取号:F830.2/152] | 在馆 | |
| 5 | 0586309 | 205863092 | 密集书库-海洋学院/ [索取号:F830.2/152] | 在馆 |